| 000 | 00646nam a2200217Ia 4500 | ||
|---|---|---|---|
| 005 | 20250508165119.0 | ||
| 008 | 008 250505s9999 xx 000 0 eng d | ||
| 020 | _a81-88789-40-2 | ||
| 037 | _aTextual | ||
| 040 |
_aFEDL _beng _cFEDL |
||
| 041 |
_aeng _2eng |
||
| 084 |
_a305.4, JEF _qFEDL |
||
| 100 | _aJeffery Patricia | ||
| 245 | 0 | _aConfronting saffron demography: Religion, fertility and women's status in India | |
| 260 |
_aNew Delhi, India _bThree Essays Collective _c2006 |
||
| 300 | _a161 p. | ||
| 365 |
_aINR _b200 |
||
| 700 |
_a Jeffery Roger _9779920 |
||
| 942 |
_cTEXL _h305.4, JEF |
||
| 999 |
_c1393244 _d1393244 |
||